[Event "FRA-ch Seniors"]
[Site "Chartres"]
[Date "2019.??.??"]
[Round "5"]
[White "Renault, Nicolas"]
[Black "Daurelle, Herve"]
[Result "0-1"]
[WhiteElo "1840"]
[BlackElo "2196"]
[PlyCount "80"]
[EventDate "2019.08.17"]
[EventType "swiss"]
[EventRounds "9"]
[EventCountry "FRA"]
[SourceTitle "EXT 2020"]
[Source "ChessBase"]
[SourceDate "2019.10.17"]
[SourceVersion "1"]
[SourceVersionDate "2019.10.17"]
[SourceQuality "1"]

1. e4 c5 2. d4 cxd4 3. c3 Nf6 4. e5 Nd5 5. Nf3 Nc6 6. Bc4 Nb6 7. Bb3 d5 8. exd6 Qxd6 9. 0-0 Be6 10. Na3 Bxb3 11. axb3 a6 12. Re1 e6 13. Nxd4 Nxd4 14. Be3 Nf5 15. Qxd6 Bxd6 16. Bxb6 Rc8 17. Nc4 Bc7 18. Rad1 Bxb6 19. Nxb6 Rd8 20. Rxd8+ Kxd8 21. c4 Kc7 22. Na4 Rd8 23. Kf1 Rd2 24. c5 Nd4 25. b4 Nc2 26. Re4 Rd1+ 27. Ke2 Re1+ 28. Kd3 Rxe4 29. Kxe4 Nxb4 30. Kd4 Nd5 31. b3 Kc6 32. g3 Nf6 33. f3 Nd7 34. f4 Kb5 35. g4 Kb4 36. h4 Kxb3 37. Nc3 Nxc5 38. h5 h6 39. Ne2 Nd7 40. Nc3 Nf6 0-1

[Event "Paris-ch op-B 87th"]
[Site "Paris"]
[Date "2012.07.09"]
[Round "3"]
[White "Renault, Nicolas"]
[Black "Marcelin, Philippe"]
[Result "1-0"]
[WhiteElo "1957"]
[BlackElo "1851"]
[PlyCount "33"]
[EventDate "2012.07.07"]
[EventType "swiss"]
[EventRounds "9"]
[EventCountry "FRA"]
[SourceTitle "EXT 2013"]
[Source "ChessBase"]
[SourceDate "2012.11.22"]
[SourceVersion "1"]
[SourceVersionDate "2012.11.22"]
[SourceQuality "1"]

1. e4 g6 2. d4 Bg7 3. Nc3 d6 4. f4 a6 5. Nf3 b5 6. Bd3 Nd7 7. 0-0 c5 8. Be3 cxd4 9. Nxd4 Ngf6 10. Qf3 Nb6 11. e5 dxe5 12. fxe5 Ng4 13. Qxf7+ Kd7 14. e6+ Kc7 15. Qxg7 Nxe3 16. Qe5+ Qd6 17. Ncxb5+ 1-0

[Event "FRA-chT2 West 0708"]
[Site "France"]
[Date "2008.03.16"]
[Round "9.7"]
[White "Renault, Nicolas"]
[Black "Le Du, Michel"]
[Result "1-0"]
[WhiteElo "2010"]
[BlackElo "1958"]
[PlyCount "103"]
[EventDate "2007.10.21"]
[EventType "team-tourn"]
[EventRounds "11"]
[EventCountry "FRA"]
[SourceTitle "EXT 2009"]
[Source "ChessBase"]
[SourceDate "2008.11.26"]
[SourceVersion "1"]
[SourceVersionDate "2008.11.26"]
[SourceQuality "1"]
[WhiteTeam "Gif sur Yvette"]
[BlackTeam "Quimper"]
[WhiteTeamCountry "FRA"]
[BlackTeamCountry "FRA"]

1. e4 g6 2. d4 d6 3. Nc3 Bg7 4. f4 Nc6 5. Be3 Nf6 6. Nf3 0-0 7. Be2 Ng4 8. Bg1 e5 9. fxe5 dxe5 10. d5 Ne7 11. h3 Nf6 12. Bh2 Qd6 13. Bxe5 Qb4 14. Qd4 c5 15. Qxb4 cxb4 16. Bxf6 Bxf6 17. Nd1 Bd7 18. a3 a5 19. axb4 axb4 20. Rxa8 Rxa8 21. 0-0 Ra2 22. Bc4 Ra1 23. e5 Bg7 24. Ne3 Rxf1+ 25. Kxf1 Bh6 26. Kf2 b5 27. Bb3 Kf8 28. g4 Bf4 29. d6 Nc6 30. Nd5 Bxe5 31. Nxe5 Nxe5 32. Kg3 Kg7 33. Kf4 Nc6 34. Nb6 Nb8 35. h4 h6 36. g5 hxg5+ 37. hxg5 Bf5 38. Nd5 Nc6 39. Ne7 Bd7 40. Nd5 Bf5 41. Nf6 Kf8 42. c3 bxc3 43. bxc3 Nd8 44. Bd5 Bd3 45. Ke5 Bf5 46. Ne4 Kg7 47. Nc5 Kf8 48. Kf6 Bg4 49. Nd3 Be6 50. Be4 Bc4 51. Nf4 Be6 52. Bd3 1-0

[Event "FRA-chT2 West 0708"]
[Site "France"]
[Date "2007.11.24"]
[Round "2.6"]
[White "Maurel, Jean Louis"]
[Black "Renault, Nicolas"]
[Result "0-1"]
[WhiteElo "2006"]
[BlackElo "2002"]
[PlyCount "86"]
[EventDate "2007.10.21"]
[EventType "team-tourn"]
[EventRounds "11"]
[EventCountry "FRA"]
[SourceTitle "EXT 2009"]
[Source "ChessBase"]
[SourceDate "2008.11.26"]
[SourceVersion "1"]
[SourceVersionDate "2008.11.26"]
[SourceQuality "1"]
[WhiteTeam "Orleans"]
[BlackTeam "Gif sur Yvette"]
[WhiteTeamCountry "FRA"]
[BlackTeamCountry "FRA"]

1. d4 Nf6 2. c4 g6 3. Nc3 Bg7 4. e4 0-0 5. f3 d6 6. Be3 Nc6 7. Nge2 a6 8. Nc1 Rb8 9. Nb3 Bd7 10. Be2 e5 11. d5 Ne7 12. 0-0 Ne8 13. c5 f5 14. Rc1 f4 15. Bf2 g5 16. Na5 Bc8 17. cxd6 Nxd6 18. Nc4 Ng6 19. Nxd6 cxd6 20. a4 h5 21. h3 Rf7 22. Qb3 Bd7 23. Bb6 Qf8 24. a5 Bf6 25. Rc2 Rg7 26. Rfc1 g4 27. hxg4 hxg4 28. fxg4 Nh4 29. Bf2 Bxg4 30. Bxh4 Bxh4 31. Bxg4 Rxg4 32. Na4 f3 33. Nb6 f2+ 34. Kf1 Rxe4 35. g3 Qg7 36. Qf3 Re1+ 37. Rxe1 fxe1Q+ 38. Kxe1 Bxg3+ 39. Kd1 Rf8 40. Qe2 Bf4 41. Qg2 Bg3 42. Qh3 Qg6 43. Nc8 Qd3+ 0-1

[Event "FRA-chT2B 0506"]
[Site "France"]
[Date "2006.01.14"]
[Round "5.8"]
[White "Renault, Nicolas"]
[Black "Wunderman, Xavier"]
[Result "0-1"]
[WhiteElo "2053"]
[BlackElo "2007"]
[PlyCount "54"]
[EventDate "2005.10.27"]
[EventType "team-tourn"]
[EventRounds "11"]
[EventCountry "FRA"]
[SourceTitle "EXT 2006"]
[Source "ChessBase"]
[SourceDate "2005.11.24"]
[SourceVersion "1"]
[SourceVersionDate "2005.11.24"]
[SourceQuality "1"]
[WhiteTeam "Gif sur Yvette"]
[BlackTeam "Lutece"]
[WhiteTeamCountry "FRA"]
[BlackTeamCountry "FRA"]

1. e4 Nf6 2. e5 Nd5 3. d4 d6 4. Nf3 g6 5. Bc4 Nb6 6. Bb3 Bg7 7. 0-0 Nc6 8. exd6 cxd6 9. Ng5 0-0 10. c3 h6 11. Nxf7 Rxf7 12. Bxf7+ Kxf7 13. Nd2 e5 14. dxe5 dxe5 15. f4 Kg8 16. Qf3 Qd5 17. Qg3 Bf5 18. fxe5 Nxe5 19. Nf3 Nxf3+ 20. Rxf3 Nc4 21. b3 Ne5 22. Rf1 Qd3 23. Qh4 h5 24. Qb4 Bf8 25. Qxb7 Bc5+ 26. Be3 Bxe3+ 27. Kh1 Rd8 0-1